| 000 | 00607nam a2200253Ia 4500 | ||
|---|---|---|---|
| 003 | GCL | ||
| 008 | 140319s9999 xx 000 0 eng d | ||
| 040 |
_aGCL / _cGCL |
||
| 082 | 0 | 4 |
_aCC _b932 _bK A |
| 100 | 1 | _aVERMSERN, M.J | |
| 245 | 1 | 0 |
_aAPIS / _cVERMSERN, M.J |
| 700 | 1 | _aKATER - SIBBES, G.J.F | |
| 260 |
_aهولندا : _bE. J. BRILL ، _c1975 |
||
| 300 |
_a24 CM ؛ _cMULTI |
||
| 650 | 0 | 4 | _aAPIS |
| 650 | 0 | 4 | _aEGYPT |
| 650 | 0 | 4 | _aANCIENT EGYPT |
| 650 | 0 | 4 | _aARCHAEOLOGY |
| 650 | 0 | 4 | _aEGYPTOLOGY |
| 650 | 0 | 4 | _aMONUMENTS |
| 650 | 0 | 4 | _aCOINS |
| 650 | 0 | 4 | _aCOINS, ANCIENT |
| 942 |
_2ddc _cBK |
||
| 999 |
_c15536 _d15536 |
||